Culture Générale #03 - Statistiques

Statistiques générales
  • Ce quiz a été pris 288 fois
  • Le résultat moyen est 12 sur 20
Statistiques - réponses
Questions Réponses % Correct
Quel pays à remporté le plus de coupe du monde de football ? le Brésil
94%
Quel éléments chimiques à pour symbole Fe ? le Fer
94%
Quel acteur est connu notamment pour ces rôles dans « Titanic », « Shutter Island » ou « le Loup de Wall-Street » ? Léonardo di Caprio
94%
Quel pays devenue l’un des plus peuplées du monde est une ancienne colonie britannique ? l’Inde
85%
Quel société est crée le 1er avril 1976 en Californie par Steve Jobs, Steve Wozniak et Ronald Wayne ? Apple
80%
Comment se nomme la reine d’Angleterre ayant régné de 1837 à 1901 ? la reine Victoria
79%
Quel est le premier pays à avoir organisé et remporté la coupe du monde de Football ? l’Uruguay
72%
Quel écrivain et aviateur français à dit « l’on ne voit bien qu’avec le coeur » ? Antoine de Saint-Éxupéry
70%
Quel est le nom du dieu grec du vin et de la fête ? Dionysos
68%
Quel groupe de rap français est composé de deux frères, Tarik et Nabil Andrieu ? PNL
65%
Quel compositeur à crée « La Lettre à Elise » ? Ludwig van Beethoven
64%
Que signifie l’acronyme SNCF ? Société Nationale des Chemins de fer Français
61%
Quel est le nom de l’inventeur du Revolver ? Samuel Colt
54%
Qui est la première écrivaine française a avoir été élue à l’académie Française ? Marguerite Yourcenar
43%
Quel écrivain à refusé de recevoir le prix Nobel de littérature en 1964 ? Jean-Paul Sartre
40%
Quels origines possèdent en commun Marie Curie et Guillaume Apollinaire ? Polonaises
34%
Quel est l’ancien nom du Burkina-Faso ? la Haute Volta
30%
Comment s’appelle la fille décédé de Victor Hugo ? Léopoldine
29%
Comment se nommait la calculatrice mécanique inventé par Blaise Pascal en 1642 ? la Pascaline
24%
Quel est le nom de ce tennisman australien devenu N°1 mondial a 20 ans ? Lleyton Hewitt
21%
Aucun quiz correspondant
Distribution des résultats
% des personnes avec chaque résultat
Percentile par nombre de réponses
Votre historique - résultats
Vous n’avez pas pris ce quiz